1432 1622 1254 1238 1642 1684 1781 1309 1168 1938 1056 1337 1626 1032 1838 1293 1101 1881 1820 1905 1300 1424 1859 1535 1302 1554 1968 1032 1203 1989 1915 1311 1197 1372 1311 1478 1866 1693 1635 1751 1700 1295 1196 1260 1391 1441 1532 1322 1945 1745 1971 1868 1124 1561 1787 1696 1617 1155 1317 1212 1665 1015 1406 1925 1031 1607 1893 1839 1033 1776 1710 1308 1462 1139 1879 1488 1005 1740 1841 1763 1334 1874 1843 1244 1111 1697 1492 1148 1467 1734 1640 1889 1726 1056 1293 1438 1188 1855 1024 BCNSPRNW ULIB Ver.6.0+V

เปลี่ยนเป็นภาษาไทย

Change to English
 แสดงรายละเอียดบรรณานุกรม
  กลับหน้าหลัก

Brief Record : Get Marc (ISO 2709) : E-mail record : QR code < ปิดหน้าต่าง
LEADER : 00000nam 2200000uu 4500
001    13399110986
003     ULIB
008    110614s||||||||th 000 0 tha d
020    9748211576(ล.6)
050  4 AC159^bส631น ล.6 2543
245 00 108 ซองคำถาม.^nเล่ม 6 /^cประวิทย์ สุวณิชย์, บรรณาธิการ
250    พิมพ์ครั้งที่ 3
260    กรุงเทพฯ :^bสารคดี,^c2543
300    205 หน้า :^bภาพประกอบ
650  4 ความรู้ทั่วไป
650  4 รวมเรื่อง
650  4 คำถามและคำตอบ
700 0  ประวิทย์ สุวณิชย์
945    ^p95^l0^i015944
995    ทศพร
999 ^a ใช้งานได้ทุกระบบ
รายการนี้ยังไม่มีแท็ก
คุณยังไม่ได้ล็อกอิน คุณสามารถมีกิจกรรมร่วมกับเว็บไซต์ได้ แต่ต้องล็อกอินก่อน ::
  ล็อกอิน

รายการสื่อสารสนเทศ

ลำดับที่ ประเภท เลขเรียก/บาร์โค้ด สถานที่ สถานะ
- ไม่พบข้อมูล -

รายการใกล้เคียง
    หัวเรื่อง [ความรู้ทั่วไป]
    หัวเรื่อง [รวมเรื่อง]
    หัวเรื่อง [คำถามและคำตอบ]

BibComment


ยังไม่เคยถูกคอมเมนท์

คอมเมนท์ทรัพยากรรายการนี้
  คอมเมนท์: 108 ซองคำถาม เล่ม..


 Copyright 2026. Bcnsprnw @Library